000 00472nam a2200193Ia 4500
005 20230911114434.0
008 131103s9999 xx 000 0 und d
020 _a6170293
040 _aLoreto College
041 _aEnglish
082 _aF
_bINN
100 _aInnes,Hammond
245 4 _aThe big footprints
_cHammond Innes
260 _aGreat Britain
_bFontana/Collins
_c1977
300 _a335 p.
650 _aFiction in English
850 _aLCLIB
942 _cBK
999 _c15158
_d65637